[Event "Grenzturnering-B 1415"]
[Site "Denmark"]
[Date "2014.11.11"]
[Round "2"]
[White "Schmidt, Holger"]
[Black "Maas, Ralf"]
[Result "1/2-1/2"]
[WhiteElo "1396"]
[BlackElo "1193"]
[PlyCount "48"]
[EventDate "2014.09.23"]
[EventType "swiss"]
[EventRounds "7"]
[EventCountry "DEN"]
[SourceTitle "EXT 2023"]
[Source "ChessBase"]
[SourceDate "2022.10.05"]
[SourceVersion "1"]
[SourceVersionDate "2022.10.05"]
[SourceQuality "1"]

1. d4 Nf6 2. Nf3 e6 3. Nbd2 d5 4. e3 c5 5. c3 Nbd7 6. Bd3 b6 7. 0-0 Bb7 8. Re1 Be7 9. e4 dxe4 10. Nxe4 Nxe4 11. Bxe4 Bxe4 12. Rxe4 Nf6 13. Re1 cxd4 14. Nxd4 Qd7 15. Qe2 0-0 16. h3 Rad8 17. Bf4 Bd6 18. Bg5 Be7 19. Rad1 Qd5 20. Bxf6 Bxf6 21. Nb3 Qc6 22. Nc1 Rxd1 23. Rxd1 Rd8 24. Rxd8+ Bxd8 1/2-1/2

[Event "Grenzturnering 1314"]
[Site "Denmark"]
[Date "2014.01.28"]
[Round "4"]
[White "Maas, Ralf"]
[Black "Sorensen, Helge"]
[Result "0-1"]
[WhiteElo "1214"]
[BlackElo "1627"]
[PlyCount "48"]
[EventDate "2013.09.24"]
[EventType "swiss"]
[EventRounds "7"]
[EventCountry "DEN"]
[SourceTitle "EXT 2023"]
[Source "ChessBase"]
[SourceDate "2022.10.05"]
[SourceVersion "1"]
[SourceVersionDate "2022.10.05"]
[SourceQuality "1"]

1. d4 Nf6 2. Nf3 d5 3. e3 g6 4. c4 c6 5. Nc3 Bg7 6. Bd3 0-0 7. 0-0 Nbd7 8. Re1 Re8 9. e4 dxe4 10. Nxe4 Nxe4 11. Bxe4 Nf6 12. Bc2 Bg4 13. Be3 Qa5 14. h3 Bf5 15. Bd2 Qb6 16. Bxf5 gxf5 17. Qc1 Ne4 18. Be3 Rad8 19. d5 Qxb2 20. Qxb2 Bxb2 21. Rab1 Bc3 22. Red1 cxd5 23. Rxb7 d4 24. Bxd4 e5 0-1